000 00407nam a2200133Ia 4500
005 20260328104345.0
008 260328s9999||||xx |||||||||||||| ||und||
100 _aSciolino, Elaine
245 0 _aAdventures in the Louvre :
_b How to Fall in Love with the World's Greatest MuseumElaine Sciolino /
_cElaine Sciolino
260 _bW.W. Norton & Company
300 _a369 p.
650 _aMUSEOS
942 _cBK
999 _c12261
_d12261